Pelando la cebolla /

Guardado en:
Autor Principal: Grass, Gunter
Otros Autores: Sáenz, Miguel, Loebsack, Grita
Formato: Libro
Publicado: Buenos Aires : Alfaguara, 2013
Materias:
Etiquetas: Agregar Etiqueta
Sin Etiquetas, Sea el primero en etiquetar este registro!
LEADER 00836nam a22002655a 4500
001 CEM.cems014283
005 20140415120148.0
008 130507s2013##################000#0#####d
003 CEMS
020 |a 9789870407409 
082 0 4 |a 838.91 
100 1 |a Grass, Gunter 
245 1 0 |a Pelando la cebolla /  |c Gunter Grass ; traducción de Miguel Sáenz y Grita Loebsack 
260 |a Buenos Aires :  |b Alfaguara,  |c 2013 
300 |a 456 p. 
653 |a Literatura 
653 |a Literatura alemana 
653 |a Autobiografía 
653 |a Narrativa 
653 |a Narrativa alemana 
653 |a Ministerio de educación-colección literaria 
700 1 |a Sáenz, Miguel 
700 1 |a Loebsack, Grita 
859 |a CEMS  |b BIB. CEMS - 11 de abril  |h 838.91  |i G769  |p 26881.14  |t Ej.1 
859 |a CEMS  |b BIB. CEMS - 11 de abril  |h 838.91  |i G769  |p 27717.19  |t Ej.2